01890nam a22001457a 4500003000400000020001800004082001500022100001200037245002500049250000800074260002500082300000800107650002500115653160400140SGT a9780071067850 a658.15,KHA aKHAN,MY aFINANCIAL MANAGEMENT a6TH aNEW DELHIbTMHc2011 aV.P aFINANCIAL MANAGEMENT aPART 1: FOUNDATION OF FINANCE 1. FINANCIAL MANAGEMENT—AN OVERVIEW 2. TIME VALUE OF MONEY 3. RISK AND RETURN 4. VALUATION OF BONDS AND SHARES PART 2: FINANCIAL ANALYSIS, PROFIT PLANNING AND CONTROL 5. CASH FLOW STATEMENT 6. FINANCIAL STATEMENTS ANALYSIS 7. VOLUME-COST-PROFIT ANALYSIS 8. BUDGETING AND PROFIT PLANNING PART 3: LONG-TERM INVESTMENT DECISION 9. CAPITAL BUDGETING I: PRINCIPLES AND TECHNIQUES 10. CAPITAL BUDGETING II: ADDITIONAL ASPECTS 11. CONCEPT AND MEASUREMENT OF COST OF CAPITAL 12. ANALYSIS OF RISK AND UNCERTAINTY PART 4: CURRENT ASSETS MANAGEMENT 13. WORKING CAPITAL MANAGEMENT—AN OVERVIEW 14. MANAGEMENT OF CASH AND MARKETABLE SECURITIES 15. RECEIVABLES MANAGEMENT 16. INVENTORY MANAGEMENT 17. WORKING CAPITAL FINANCING PART 5: FINANCING DECISION 18. OPERATING, FINANCIAL AND COMBINED LEVERAGE 19. CAPITAL STRUCTURE, COST OF CAPITAL AND VALUATION 20. DESIGNING CAPITAL STRUCTURE PART 6: LONG-TERM FINANCING 21. CAPITAL MARKETS 22. EQUITY/ORDINARY SHARES 23. TERM LOANS, DEBENTURES/BONDS AND SECURITISATION 24. HYBRID FINANCING/INSTRUMENTS 25. LEASE FINANCING AND HIRE-PURCHASE FINANCE 26. VENTURE CAPITAL FINANCING PART 7: RISK MANAGEMENT 27. OPTION VALUATION 28. DERIVATIVES: MANAGING FINANCIAL RISK 29. CORPORATE GOVERNANCE PART 8: DIVIDEND DECISION 30. DIVIDEND AND VALUATION 31. DETERMINANTS OF DIVIDEND POLICY PART 9: VALUATION AND CORPORATE RESTRUCTURING 32. BUSINESS VALUATION 33. CORPORATE RESTRUCTURING PART 10: INTERNATIONAL FINANCE 34. FOREIGN EXCHANGE MARKETS AND DEALINGS 35. FOREIGN EXCHANGE EXPOSURE AND RISK MANAGEMENT 36. INTERNATIONAL FINANCIAL MANAGEMENT